| 000 | 00503nam a2200169Ia 4500 | ||
|---|---|---|---|
| 999 |
_c15914 _d15914 |
||
| 003 | OSt | ||
| 005 | 20200606115836.0 | ||
| 008 | 190216s9999||||xx |||||||||||||| ||und|| | ||
| 040 | _cMESKC library | ||
| 082 |
_a891.43 _bPAT/A |
||
| 100 |
_aPathak, Bhusan Chandra _9451 |
||
| 245 | 0 |
_aAndhayug me Pratik Bidhan / _cBhusan Chandra Pathak |
|
| 260 |
_bAsam Hindi Prakashan, _aGuwahati: _c1995. |
||
| 300 | _a96p | ||
| 650 | _aHindi | ||
| 942 |
_cBK _2ddc _h891.43 _iPAT/A _k891.43 _mPAT/A |
||